LEADER 01404nam a2200385 i 4500 001 991000936549707536 005 20020507104107.0 008 930513s1992 de ||| | eng 020 $a3540555064 035 $ab10150559-39ule_inst 035 $aLE00639405$9ExL 040 $aDip.to Fisica$bita 084 $a53(082.2) 084 $a53.1.3 084 $a53.1.6 084 $a53.1.65 084 $a53.2.6 084 $a53.7.4 084 $a510.68 084 $a510.92 084 $a574 100 1 $aFriedrich, R.$0340922 245 10$aEvolution of dynamical structures in complex systems :$bproceedings of the international symposium, Stuttgart, July 16-17, 1992 /$cR. Friedrich, A. Wunderlin (eds.) 260 $aBerlin :$bSpringer-Verlag,$cc1992 300 $aviii, 415 p. 490 0 $aSpringer proceedings in physics / H.K.V. Lotsch ;$v69 500 $aIncludes bibliographical references and index. 650 4$aSystem theory$xCongresses 700 1 $aWunderlin, A.$eauthor$4http://id.loc.gov/vocabulary/relators/aut$01358736 907 $a.b10150559$b17-02-17$c27-06-02 912 $a991000936549707536 945 $aLE006 53.1.65 FRI$g1$i2006000095518$lle006$o-$pE0.00$q-$rl$s- $t0$u0$v0$w0$x0$y.i10180370$z27-06-02 996 $aEvolution of dynamical structures in complex systems$93370764 997 $aUNISALENTO 998 $ale006$b01-01-93$cm$da $e-$feng$gde $h0$i1 LEADER 01840oam 2200541M 450 001 9910716328103321 005 20200213070622.7 035 $a(CKB)5470000002520857 035 $a(OCoLC)1065991228 035 $a(OCoLC)995470000002520857 035 $a(EXLCZ)995470000002520857 100 $a20071213d1926 ua 0 101 0 $aeng 135 $aurcn||||||||| 181 $ctxt$2rdacontent 182 $cc$2rdamedia 183 $acr$2rdacarrier 200 10$aRelief of heirs of Frank Grygla. March 29, 1926. -- Committed to the Committee of the Whole House and ordered to be printed 210 1$a[Washington, D.C.] :$c[U.S. Government Printing Office],$d1926. 215 $a1 online resource (3 pages) 225 1 $aHouse report / 69th Congress, 1st session. House ;$vno. 707 225 1 $a[United States congressional serial set ] ;$v[serial no. 8536] 300 $aBatch processed record: Metadata reviewed, not verified. Some fields updated by batch processes. 300 $aFDLP item number not assigned. 606 $aClaims 606 $aLegislative amendments 606 $aPer diem allowances 606 $aImpeachments 606 $aCivil service 606 $aWages 608 $aLegislative materials.$2lcgft 615 0$aClaims. 615 0$aLegislative amendments. 615 0$aPer diem allowances. 615 0$aImpeachments. 615 0$aCivil service. 615 0$aWages. 701 $aMorrow$b John$f1865-1935$pDemocrat (NM)$01389110 801 0$bWYU 801 1$bWYU 801 2$bOCLCO 801 2$bOCLCQ 801 2$bOCLCO 801 2$bOCLCQ 906 $aBOOK 912 $a9910716328103321 996 $aRelief of heirs of Frank Grygla. March 29, 1926. -- Committed to the Committee of the Whole House and ordered to be printed$93494283 997 $aUNINA